000 00533nam a2200157 a 4500
001 000027139
005 20200930030628.0
008 110329s19uu dr 000 0 spa d
040 _aDO-SdBNP
_bspa
_cBNPHU
082 _axxx
_bM766n
100 1 _aMontás Pimentel, Sócrates
_954202
245 1 0 _aNostalgia por ellos /
_cSócrates Montás Pimentel ; prólogo Sócrates Móntas Castillo.
260 _aSanto Domingo :
_bCentro Arte Uribe,
_c[19--?].
300 _a74 p. ;
_c22 cm.
700 1 _aMóntas Castillo, Sócrates,
_epról.
_921020
999 _c26631
_d26631